| 000 | 00366 a2200109 4500 | ||
|---|---|---|---|
| 001 | ART_53020 | ||
| 005 | 20260410161759.0 | ||
| 008 | 260409a | ||
| 245 | 1 | 0 | _aUn estado inteligente debe tomar medidas más completas para una sociedad más justa |
| 100 | 1 | _aRadiminski, Carlos L. | |
| 773 | 0 |
_tDoctrina tributaria _g- Nº 356 (nov. 2009) _wREV4296 |
|
| 999 |
_c20383 _d20383 |
||